000 00605nam a2200217 a 4500
001 BRCA_5928
005 20190320205251.0
008 220311s1920----mx-#######---#000-0#spa-#
041 _aspa
044 _amx
050 4 _aPT8869
_b.I38
_c1920
245 1 0 _aJuan Gabriel Borkman.
_cEnríque íbsen; versión directa delnoruego y prólogo de Carlos Barrera.
260 _aMéxico
_bCultura
_c1920
300 _a123 p.
_c17 cm.
500 _aEs una obra de teatro.
500 _aH159
650 1 4 _aBorkman,John Gabriel.
_914977
650 1 4 _aLiteratura Noruega
_914978
902 _aGFM
942 _2lcc
_cB
999 _c5617
_d5617